| 000 | 00768cab a2200229 4500 | ||
|---|---|---|---|
| 001 | WB3440-22 | ||
| 008 | 090401t1998 xxu||||| |||| 00| 0 eng d | ||
| 035 | _a(Sirsi) u89137 | ||
| 041 | _aeng | ||
| 245 | _aFarmers and rights of way | ||
| 260 | _c1998 | ||
| 350 | _a0 | ||
| 490 |
_aWestern Morning News _v15 October 1998, 6(1) |
||
| 520 | _aThe Countryside Commission report "Rights of Way in the 21st Century" suggests penalising farmers through the withdrawal of subsidies and grants if they fail to keep rights of way open and well-maintained. | ||
| 650 | _aCOUNTRYSIDE COMMISSION | ||
| 650 | _aFARM SUBSIDIES | ||
| 650 | _aFOOTPATHS | ||
| 650 | _aRIGHTS OF WAY | ||
| 690 | _aHIGHWAYS RIGHTS OF WAY AND EASEMENTS | ||
| 942 | _n0 | ||
| 948 | _c20/10/1998 | ||
| 999 |
_c56364 _d56364 |
||